00560nam a2200181 a 45000010010000000030011000100080041000210350026000620820015000881000019001032450054001222600053001766500011002299420012002409520091002529980020003439990015003630000-9024ELIB.Books110520 2003  a(ELIB.Books)0000-9173 aB.Th bMyi aMyint Aye, Saw aTwenty First Century Mission for Pwo Karen People bInsein: Karen Baptist Theolgical Seminary c2003 aThesis 2ddccBK 00102ddc4070aKBTSbKBTSd2011-05-20l0p30143r2022-01-22 00:00:00w2022-01-22yBK cbate2011-05-20 c9024d9024